Mejores escuelas: menos trabajo infantil; trabajo infanto-juvenil y educación en Brasil, Colombia, Guatemala, Ecuador y Perú. Estudios de caso /

Saved in:
Bibliographic Details
Corporate Authors: UNICEF. Oficina Regional para América latina y el Caribe, Colombia, International Child Development Centre, Italia
Format: Text
Published: Bogotá: UNICEF
Subjects:
Tags: Add Tag
No Tags, Be the first to tag this record!

MARC

LEADER 00000 a a2200000 04500
001 18906
003
040
090 |a 144700  
110 |a UNICEF. Oficina Regional para América latina y el Caribe, Colombia  
245 |a Mejores escuelas: menos trabajo infantil; trabajo infanto-juvenil y educación en Brasil, Colombia, Guatemala, Ecuador y Perú. Estudios de caso /  |c UNICEF. Oficina Regional para América latina y el Caribe, Colombia  
260 |a Bogotá:   |b UNICEF  
300 |a 346 p.  
300 |b **no definido**   |b fonodiscos  
650 |a INFANCIA  
650 |a NIÑOS  
650 |a EDUCACION  
650 |a COSTOS DE LA ENSEÑANZA  
650 |a PRESUPUESTO DE LA EDUCACION  
650 |a TRABAJO DE MENORES  
710 |a International Child Development Centre, Italia  
999 |c 15011  |d 15011